000
00189nam a22000977a 4500
041
_a
eng
080
_a
80
100
_a
Cawood, F. W.
245
_a
Natural Medicines and Cures
999
_c
282207
_d
282207
942
_c
BK